Magnetismo y corriente eléctrica
Publicado:
Barcelona :
Servicio de Extensión de Enseñanzas Técnicas de la Diputación Provincial de Barcelona ,
1941
Descripción Física:
39 p. : il. ; 22 cm
Otros Autores:
Servicio de Extensión de Enseñanzas Técnicas
MARC
| LEADER | 00000nam a2200000Ia 4500 | ||
|---|---|---|---|
| 001 | 8490 | ||
| 008 | 160829s1941 xx 000 0 cat d | ||
| 080 | |a FU-9-12 | ||
| 245 | |a Magnetismo y corriente eléctrica | ||
| 260 | |a Barcelona : |b Servicio de Extensión de Enseñanzas Técnicas de la Diputación Provincial de Barcelona, |c 1941 | ||
| 300 | |a 39 p. : |b il. ; |c 22 cm | ||
| 650 | |a Magnetisme |9 33210 | ||
| 650 | |a Corrent elèctric |9 33211 | ||
| 700 | |a Servicio de Extensión de Enseñanzas Técnicas |9 22818 | ||
| 710 | 1 | |a Barcelona (Catalunya : Província). |b Diputació |9 52408 | |
| 856 | 4 | |u https://media.diba.cat/diba/fitxers/arxiu/fulletons/bib_8490_baixa.pdf |y Accés lliure | |
| 856 | 4 | |u https://media.diba.cat/diba/fitxers/arxiu/fulletons/bib_8490_baixa.pdf |y Accés lliure | |
| 901 | |a Arxiu | ||
| 942 | |n 1 |2 udc | ||
| 952 | |0 0 |1 0 |4 0 |6 FU912 |7 1 |9 46233 |a Arxiu |b Arxiu |d 2016-12-01 |l 0 |o FU-9-12 |p 8490 |r 2016-12-01 00:00:00 |w 2016-12-01 |y ARXIU | ||
| 999 | |c 49735 |d 49735 | ||
| 900 | |a bib_8490_baixa.pdf | ||